Größte Städte der Welt nach Buchstabe - C - Statistiken

Allgemein
  • Dieses Quiz wurde 61 mal gespielt
    37 seit der letzten Aktualisierung
  • Das Durchschnittsergebnis liegt bei 13 aus 20
Antwortstatistiken
Einwohner Land Stadt % Korrekt
4.775 Mio. Marokko Casablanca
93%
9.65 Mio. USA Chicago
93%
3.825 Mio. Venezuela Caracas
89%
4.925 Mio. Sri Lanka Colombo
89%
17.3 Mio. China Chengdu
78%
2.875 Mio. Guinea Conakry
78%
12.6 Mio. Indien Chennai
74%
2.80 Mio. USA Cincinnati
74%
2.95 Mio. Kolumbien Cali
67%
5.00 Mio. Bangladesch Chittagong
67%
2.75 Mio. Philippinen Cebu
63%
2.60 Mio. USA Charlotte
63%
11.0 Mio. China Changsha
59%
3.05 Mio. USA Cleveland
56%
3.425 Mio. Brasilien Curitiba
56%
5.05 Mio. China Changchun
41%
3.00 Mio. Indien Coimbatore
41%
3.25 Mio. Brasilien Campinas
37%
10.9 Mio. China Chungking
33%
2.675 Mio. Indien Chandigarh
22%
Keine übereinstimmenden Quizze gefunden
Verteilung der Resultate
Anzahl Personen mit jedem Resultat
Perzentil nach korrekt beantworteten Fragen
Ihre Resultats-Entwicklung
Sie haben dieses Quiz seit der letzten Aktualisierung nicht gespielt